000 00631nam a22001695i 4500
001 166955
003 ES-MaACL
005 20230906213431.0
008 050921s1894 sp | |||||||| ||spa d
040 _aCAM
_bspa
_cCAM
100 1 _aValls David, Rafael.
_9133528
245 1 3 _aLa cerĂ¡mica
_b: apuntes para su historia /
_cpor Rafael Valls David.
260 _aValencia :
_b[s.n.],
_c1894 (
_fImprenta de Juan Guix)
300 _a2 v. (145; 170 p.) ;
_c25 cm.
650 4 _aCerĂ¡mica-
_xHistoria.
_9135759
852 _aES-MaACL
_jT-840-F-5-6
_z-- Enc. hol. conservando la cub. original
_z-- Enc. en un vol. facticio
_z2 t. en 1 v.
999 _c166955
_d166955